000 00765cam a2200217 4500
001 WB3731-56
008 010816n2001 000 0 eng u
035 _a(Sirsi) u114170
245 _aRate relief to struggling farmers
260 _c2001
490 _aDTLR News Release
_v(362) 15 August 2001, (4)
520 _aThe rate relief scheme for farm diversification and village food shops came into force on 15 August 2001. Rate relief will be granted on farmland and buildings when they are converted into other business enterprises.
590 _aWB
650 _aFARM DIVERSIFICATION
650 _aRATE RELIEF
650 _aFARMING
650 _aFARM BUILDINGS
650 _aRURAL BUSINESSES
690 _aRURAL-FARM BUSINESS MANAGEMENT
942 _n0
999 _c68019
_d68019